Guide to network security. / (Record no. 8924)

MARC details
000 -LEADER
fixed length control field 01758cam a22003857a 4500
001 - CONTROL NUMBER
control field 17360720
003 - CONTROL NUMBER IDENTIFIER
control field OSt
005 - DATE AND TIME OF LATEST TRANSACTION
control field 20220311125046.0
008 - FIXED-LENGTH DATA ELEMENTS--GENERAL INFORMATION
fixed length control field 120625s2013 maua b 001 0 eng d
010 ## - LIBRARY OF CONGRESS CONTROL NUMBER
LC control number 2012942876
020 ## - INTERNATIONAL STANDARD BOOK NUMBER
International Standard Book Number 9781133279075
020 ## - INTERNATIONAL STANDARD BOOK NUMBER
International Standard Book Number 1133279074
035 ## - SYSTEM CONTROL NUMBER
System control number (OCoLC)ocn775416103
040 ## - CATALOGING SOURCE
Transcribing agency LC
050 00 - LIBRARY OF CONGRESS CALL NUMBER
Classification number TK5105.59.W54
100 1# - MAIN ENTRY--PERSONAL NAME
Personal name Whitman, Michael E.,
245 10 - TITLE STATEMENT
Title Guide to network security. /
Statement of responsibility, etc. Michael Whitman … [et. al].
250 ## - EDITION STATEMENT
Edition statement [international ed.]
264 #1 - PRODUCTION, PUBLICATION, DISTRIBUTION, MANUFACTURE, AND COPYRIGHT NOTICE
Place of production, publication, distribution, manufacture Boston:
Name of producer, publisher, distributor, manufacturer Course Technology/Cengage Learning,
Date of production, publication, distribution, manufacture, or copyright notice 2013.
300 ## - PHYSICAL DESCRIPTION
Extent xxii, 554 p. :
Other physical details illustrations ;
Dimensions 24 cm
336 ## - CONTENT TYPE
Content type term text
Content type code txt
Source rdacontent
337 ## - MEDIA TYPE
Media type term unmediated
Media type code n
Source rdamedia
338 ## - CARRIER TYPE
Carrier type term volume
Carrier type code nc
Source rdacarrier
504 ## - BIBLIOGRAPHY, ETC. NOTE
Bibliography, etc. note Includes bibliographical references and index.
505 0# - FORMATTED CONTENTS NOTE
Formatted contents note Introduction to information security -- Introduction to networking -- Cryptography -- Firewall technologies and administration -- Network authentication and remote access using VPN -- Network monitoring and intrusion detection and prevention systems -- Wireless network security -- Security of web applications -- Network vulnerability assessment -- Auditing, monitoring, and logging -- Contingency planning and networking incident response -- Digital forensics --
650 #0 - SUBJECT ADDED ENTRY--TOPICAL TERM
Topical term or geographic name entry element Computer security.
650 #0 - SUBJECT ADDED ENTRY--TOPICAL TERM
Topical term or geographic name entry element Digital forensic science.
650 #0 - SUBJECT ADDED ENTRY--TOPICAL TERM
Topical term or geographic name entry element Computer networks
General subdivision Security measures.
650 #7 - SUBJECT ADDED ENTRY--TOPICAL TERM
Topical term or geographic name entry element Computer networks
General subdivision Security measures.
Source of heading or term fast
Authority record control number or standard number (OCoLC)fst00872341
650 #7 - SUBJECT ADDED ENTRY--TOPICAL TERM
Topical term or geographic name entry element Computer security.
Source of heading or term fast
Authority record control number or standard number (OCoLC)fst00872484
906 ## - LOCAL DATA ELEMENT F, LDF (RLIN)
a 7
b cbc
c copycat
d 2
e epcn
f 20
g y-gencatlg
942 ## - ADDED ENTRY ELEMENTS (KOHA)
Source of classification or shelving scheme Library of Congress Classification
Koha item type Books
Holdings
Withdrawn status Lost status Source of classification or shelving scheme Damaged status Not for loan Home library Current library Shelving location Date acquired Source of acquisition Total Checkouts Full call number Barcode Date last seen Copy number Price effective from Koha item type
    Library of Congress Classification     WISCONSIN INTERNATIONAL UNIVERSITY COLLEGE, GHANA KUMASI LIBRARY WISCONSIN INTERNATIONAL UNIVERSITY COLLEGE, GHANA KUMASI LIBRARY General Stacks 14/11/2019 WIUC   TK5105.59.W54 K/2250/2250/19 11/03/2022 1 11/03/2022 Books
    Library of Congress Classification     WISCONSIN INTERNATIONAL UNIVERSITY COLLEGE, GHANA KUMASI LIBRARY WISCONSIN INTERNATIONAL UNIVERSITY COLLEGE, GHANA KUMASI LIBRARY General Stacks 14/11/2019 WIUC   TK5105.59.W541 K/2251/2251/19 11/03/2022 2 11/03/2022 Books

If you have any concerns or questions; kindly contact the library


© Powered by WIUC ICT DIRECTORATE